Diseño de un control robusto carga frecuencia con dispositivos FACTS
Zapisane w:
| 1. autor: | |
|---|---|
| Format: | Książka |
| Wydane: |
[San José, Costa Rica]
2006
|
| Hasła przedmiotowe: | |
| Etykiety: |
Dodaj etykietę
Nie ma etykietki, Dołącz pierwszą etykiete!
|
MARC
| LEADER | 00000nam a2200000Ia 4500 | ||
|---|---|---|---|
| 001 | 5333 | ||
| 003 | 009809 | ||
| 005 | 20221231144113.0 | ||
| 008 | 140114s2006 cr a 000 ||s d | ||
| 040 | |c cru CEDI | ||
| 100 | |a Rodríguez Aguilar, Rodolfo |9 5121 | ||
| 245 | |a Diseño de un control robusto carga frecuencia con dispositivos FACTS | ||
| 260 | |c 2006 |b [San José, Costa Rica] | ||
| 300 | |a xi, 93 hojas; ilustraciones | ||
| 500 | |a Proyecto de graduación (bachillerato en ingeniería eléctrica)--Universidad de Costa Rica. Facultad de Ingeniería. Escuela de Ingeniería Eléctrica | ||
| 650 | |x ESTABILIDAD DE SISTEMAS DE ENERGIA ELECTRICA |x DISPOSITIVOS DE DISTRIBUCION |x CONTROL DE SISTEMAS DE ENERGIA ELECTRICA |x DISTRIBUCION DE ENERGIA ELECTRICA |x TRANSMISION DE POTENCIA |9 5122 | ||
| 942 | |c BK |2 ddc | ||
| 999 | |c 16944 |d 16944 | ||
